000 00348cam a22001217a 4500
008 180718b xxu||||| |||| 00| 0 eng d
082 _aA8x54 Al51
100 _aNehru, Jawaharlal
245 _aWhat are the Indian states?
_cby Jawaharlal Nehru
260 _aAllahabad
_bShanti Dhavan
_c
300 _a113p
650 _aIndia -Gazetteers.India -Statistics.
999 _c413933
_d413933